01358nam a22001817a 450000500170000000800410001704100080005808200170006611101280008324201560021124501270036726000550049430000550054950504750060465000350107965000390111470000230115320200104041623.0140224s2012 ko abd gr2 o10| 0 eng d aeng a333.72bU58s2 aInternational Symposium on Research of Biodiversity's Conservation and Cooperation for the Green FuturecSeould2011 - 202010aSimposio : bInternacional en la Investigación de la Conservación de la Biodiversidad y la Cooperación por el Futuro VerdecCharles Besanconyspa10aSymposium : bInternational Research of Biodiversity's Conservation and Cooperation for the Green FuturecCharles Besancon3 aSeoulbUnited Nations Decade on Biodiversityc2012 a179 p.bil., fot., mapas, tablas, gráfiasc30 cm2 aDiscurso Clave : Plan Estratégico, Política Nacional de Colombia ; Sección 1 : Cooperación Internacional por la Conservación de la Biodiversidad en Myanmar, IEBR Colaboración Internacional en Inventigaciones de Biodiversidad en Vietnam, Cooperación Internacional en Conservación de la Biodiversidad en Korea ; Sección 2 : Tendencias y Perspectivas de la Lista Roja, Investigación de la Biodiversidad en Mongolia y Perspectivas Futuras, Vida Salvaje + 4aPolítica ambientalzColombia 4aConservación de la Biodiversidad1 aBensancon, Charles